रसों की संख्या/ (Record no. 9369)
[ view plain ]
| 000 -LEADER | |
|---|---|
| fixed length control field | 01292 a2200277 4500 |
| 005 - DATE AND TIME OF LATEST TRANSACTION | |
| control field | 20250407161510.0 |
| 008 - FIXED-LENGTH DATA ELEMENTS--GENERAL INFORMATION | |
| fixed length control field | 081211t xxu||||| |||| 00| 0 HIN d |
| 010 ## - LCCN (DPL NO) | |
| LC control number | HIN-81987 B-288847-850, B-309510 HIN-129659 |
| 020 ## - INTERNATIONAL STANDARD BOOK NUMBER | |
| Terms of availability | 200.00 |
| International Standard Book Number | 9788171245185 |
| 020 ## - INTERNATIONAL STANDARD BOOK NUMBER | |
| Terms of availability | 250.00 |
| 035 ## - SYSTEM CONTROL NUMBER | |
| System control number | HN-54333, B-309510 HIN-102005 |
| 035 ## - SYSTEM CONTROL NUMBER | |
| System control number | HN-54333 |
| 035 ## - SYSTEM CONTROL NUMBER | |
| System control number | B-288847-850 |
| 037 ## - SOURCE OF ACQUISITION | |
| Source of stock number/acquisition | पु.प्र.अ.प्र/प्रका |
| 040 ## - CATALOGING SOURCE | |
| Original cataloging agency | DPL |
| Language of cataloging | HN |
| 082 ## - DEWEY DECIMAL CLASSIFICATION NUMBER | |
| Classification number | 821.08 |
| 100 ## - MAIN ENTRY--PERSONAL NAME | |
| Personal name | राघवन्, वी. |
| 9 (RLIN) | 80454 |
| 245 ## - TITLE STATEMENT | |
| Title | रसों की संख्या/ |
| Statement of responsibility, etc | वी.राघवन् |
| Medium | हिंदी |
| 246 ## - VARYING FORM OF TITLE | |
| Title proper/short title | Rason ki Sankhya |
| Remainder of title | by V.Raghavan;Tran by Rajendra Mishra |
| 260 ## - PUBLICATION, DISTRIBUTION, ETC. (IMPRINT) | |
| Place of publication, distribution, etc | वाराणसी |
| Name of publisher, distributor, etc | विश्वविद्यालय प्रकाशन |
| Date of publication, distribution, etc | 2007 |
| 260 ## - PUBLICATION, DISTRIBUTION, ETC. (IMPRINT) | |
| Date of publication, distribution, etc | 2025 |
| 270 ## - ADDRESS | |
| Address | पो.बा.1149, विशालाक्षी भवन, चौक |
| City | वाराणसी |
| Postal code | 221001 |
| Telephone number | 0542 2413741 |
| 270 ## - ADDRESS | |
| Address | प्रथम तल,सी-32/23 ,के-1डी चन्दुआ सट्टी, विद्यापीठ रोड |
| City | वाराणसी |
| Postal code | 221002 |
| Telephone number | 9198701115,9369132998 |
| 300 ## - PHYSICAL DESCRIPTION | |
| Extent | 188पृ |
| Dimensions | 23 सेमी (अजिल्द) |
| 942 ## - ADDED ENTRY ELEMENTS (KOHA) | |
| Institution code [OBSOLETE] | dpl |
| Item type | Hindi Books |
| Call number prefix | राघव |
| Source of classification or shelving scheme | Dewey Decimal Classification |
| Classification part | 821.08 |
| Edition | 2nd |
| Withdrawn status | Lost status | Source of classification or shelving scheme | Damaged status | Not for loan | Collection code | Home library | Current library | Date acquired | Source of acquisition | Cost, normal purchase price | Total Checkouts | Full call number | Barcode | Date last seen | Copy number | Cost, replacement price | Koha item type |
|---|---|---|---|---|---|---|---|---|---|---|---|---|---|---|---|---|---|
| Dewey Decimal Classification | Non-fiction | Central Library | Central Library | 11/12/2008 | विश्वविद्यालय प्रका./8872/8.9.08/461/4.9.08/19.9.08 | 200.00 | 3 | 821.08 राधव | B-288847 | 16/11/2018 | 1 | 200.00 | Hindi Books | ||||
| Dewey Decimal Classification | Not For Loan | Non-fiction | Central Library | Central Library | 12/01/2009 | pub | 200.00 | 821.08 राधव | B-309510 | 12/01/2009 | 1 | 200.00 | Hindi Books | ||||
| Dewey Decimal Classification | Non-fiction | Karol Bagh | Karol Bagh | 11/12/2008 | विश्वविद्यालय प्रका./8872/8.9.08/461/4.9.08/19.9.08 | 200.00 | 821.08 राधव | B-288849 | 11/12/2008 | 1 | 200.00 | Hindi Books | |||||
| Dewey Decimal Classification | Non-fiction | Patel Nagar | Patel Nagar | 07/04/2025 | DBAD | 250.00 | 821.08 राधव | HN-102005 | 15/09/2008 | 1 | 250.00 | Hindi Books | |||||
| Dewey Decimal Classification | Non-fiction | Patel Nagar | Patel Nagar | 11/12/2008 | विश्वविद्यालय प्रका./8872/8.9.08/461/4.9.08/19.9.08 | 200.00 | 821.08 राधव | B-288848 | 11/12/2008 | 1 | 200.00 | Hindi Books | |||||
| Dewey Decimal Classification | Non-fiction | Shahdara Branch | Shahdara Branch | 11/12/2008 | विश्वविद्यालय प्रका./8872/8.9.08/461/4.9.08/19.9.08 | 200.00 | 821.08 राधव | B-288850 | 11/12/2008 | 1 | 200.00 | Hindi Books |
